Follow That Line - The Godfather Quiz Stats

 Plays Quiz not verified by Sporcle

Challenge
Share
Tweet
Embed
Score 0/26 Timer 09:00
0 Plays Today
% Correct
It's a Sicilian message. It means Luca Brasi sleeps with the fishes.
94.7%
But until that day, consider this justice a gift on my daughter's wedding day.
93.7%
You know my father? Men are coming here to kill him, now help me, please.
93.4%
Do you know how naive you sound, Michael? Presidents and senators don't have men killed.
93.3%
She was the greatest piece of ass I've ever had, and I've had 'em all over the world.
93%
Luca Brasi held a gun to his head, and my father assured him that either his brains or his signature would be on the contract.
92.7%
The gun'll be there.
92%
He's smarter than I am. Three years old, and he can already read the funny papers.
91.9%
And may their first child be a masculine child.
91.2%
Take the cannoli.
91.2%
I frisked him. He's clean.
90.7%
It's the smart move. Tessio was always smarter.
89%
Look how they massacred my boy...
88.7%
% Correct
Tattaglia is a pimp. He never could have outfought Santino. But I didn't know until this day that it was Barzini all along.
88.2%
Well, let me tell you something, my kraut-mick friend, I'm gonna make so much trouble for you, you won't know what hit you!
87.9%
Fredo, you're my older brother, and I love you. But don't ever take sides with anyone against the Family again. Ever.
87.6%
[to Patrolmen] Take a hold of him. Stand him up. Stand him up straight. [punches Michael and breaks his jaw]
87.3%
YOU CAN ACT LIKE A MAN!
87.1%
In my city, we would keep the traffic in the dark people, the coloreds. They're animals anyway, so let them lose their souls.
86.9%
I'm gonna make him an offer he won't refuse. Okay? I want you to leave it all to me. Go on, go back to the party.
86.7%
What do you think this is like the Army where you can shoot 'em from a mile away? No you gotta get up like this and, badda-bing, you blow their brains all over your nice Ivy League suit. C'mere.
84.4%
He'll set up a meeting with someone that you absolutely trust, guaranteeing your safety. And at that meeting, you'll be assassinated.
83.2%
I'm a businessman. Blood is a big expense.
83%
I want no inquiries made. I want no acts of vengeance. I want you to arrange a meeting with the heads of the Five Families. This war stops now.
81.7%
Can you get me off the hook, Tom? For old times' sake?
80.7%
Never tell anyone outside the family what you are thinking again. Go on.
77.6%

You're not logged in!

Compare scores with friends on all Sporcle quizzes.
Join for Free
OR
Log In

Show Comments

Extras

Top Quizzes Today


Score Distribution

Your Account Isn't Verified!

In order to create a playlist on Sporcle, you need to verify the email address you used during registration. Go to your Sporcle Settings to finish the process.

Report this User

Report this user for behavior that violates our Community Guidelines.

Details: